|
|
|
|
| LEADER |
00000nam0a2200000 4500 |
| 001 |
292700 |
| 005 |
20231102000525.0 |
| 020 |
|
|
|a RU
|b 83-36113
|
| 035 |
|
|
|a (RuTPU)RU\TPU\book\317336
|
| 090 |
|
|
|a 292700
|
| 100 |
|
|
|a 20150424d1983 km y0rusy5003 ca
|
| 101 |
0 |
|
|a rus
|
| 102 |
|
|
|a RU
|
| 105 |
|
|
|a a z 001zy
|
| 200 |
1 |
|
|a Машины ударного действия для разрушения горных пород
|f Д. П. Лобанов [и др.]
|
| 210 |
|
|
|a Москва
|c Недра
|d 1983
|
| 215 |
|
|
|a 152 с.
|c ил.
|d 21 см
|
| 300 |
|
|
|a Авт. указаны на обороте тит. л.
|
| 320 |
|
|
|a Библиогр.: с. 150-151
|
| 606 |
1 |
|
|a Буровые машины ударного действия электрические
|2 stltpush
|3 (RuTPU)RU\TPU\subj\30580
|9 53670
|
| 610 |
1 |
|
|a машины ударного действия
|
| 610 |
1 |
|
|a горные породы
|
| 610 |
1 |
|
|a разрушение
|
| 610 |
1 |
|
|a конструирование
|
| 610 |
1 |
|
|a конструкции
|
| 610 |
1 |
|
|a прочные грунты
|
| 610 |
1 |
|
|a негабариты
|
| 610 |
1 |
|
|a технико-экономическая эффективность
|
| 675 |
|
|
|a 622.233.5
|z rus
|v 3
|
| 701 |
|
1 |
|a Лобанов
|b Д. П.
|g Дмитрий Петрович
|
| 701 |
|
1 |
|a Горавиц
|b В. Б.
|g Виктор Борисович
|
| 701 |
|
1 |
|a Фонберштейн
|b Е. Г.
|g Ефим Григорьевич
|
| 701 |
|
1 |
|a Шендеров
|b В. И.
|
| 801 |
|
0 |
|a RU
|b RuMRKP
|c 19950704
|g psbo
|
| 801 |
|
1 |
|a RU
|b 63413507
|c 20150424
|
| 801 |
|
2 |
|a RU
|b 63413507
|c 20180405
|g RCR
|
| 942 |
|
|
|c BK
|